<?xml version="1.0" encoding="UTF-8"?>
<record
    xmlns:xsi="http://www.w3.org/2001/XMLSchema-instance"
    xsi:schemaLocation="http://www.loc.gov/MARC21/slim http://www.loc.gov/standards/marcxml/schema/MARC21slim.xsd"
    xmlns="http://www.loc.gov/MARC21/slim">

  <leader>01347nam a22002417a 4500</leader>
  <datafield tag="999" ind1=" " ind2=" ">
    <subfield code="c">59</subfield>
    <subfield code="d">59</subfield>
  </datafield>
  <controlfield tag="003">OSt</controlfield>
  <controlfield tag="005">20190325192031.0</controlfield>
  <controlfield tag="008">151207b        xxu||||| |||| 00| 0 esp d</controlfield>
  <datafield tag="040" ind1=" " ind2=" ">
    <subfield code="c">DO-SdBJH</subfield>
    <subfield code="a">DO-SdBJH</subfield>
    <subfield code="b">spa</subfield>
  </datafield>
  <datafield tag="090" ind1=" " ind2=" ">
    <subfield code="a">TG INEGEOFA</subfield>
    <subfield code="b">00064 2004</subfield>
  </datafield>
  <datafield tag="100" ind1="1" ind2=" ">
    <subfield code="a">Camejo Rodr&#xED;guez, Carlos A.  </subfield>
    <subfield code="e">sustentante</subfield>
  </datafield>
  <datafield tag="245" ind1=" " ind2=" ">
    <subfield code="a">Valoraci&#xF3;n geoecon&#xF3;mica del Caribe y las influencias de las grandes potencias / </subfield>
    <subfield code="c">Carlos A. Camejo Rodr&#xED;guez ; Orlando Gonz&#xE1;lez Rodr&#xED;guez</subfield>
  </datafield>
  <datafield tag="260" ind1=" " ind2=" ">
    <subfield code="a">Santo Domingo :</subfield>
    <subfield code="b">INSUDE, </subfield>
    <subfield code="c">2004</subfield>
  </datafield>
  <datafield tag="300" ind1=" " ind2=" ">
    <subfield code="a">69 hojas</subfield>
  </datafield>
  <datafield tag="502" ind1=" " ind2=" ">
    <subfield code="a">Trabajo de grado (Estudios Geopol&#xED;ticos). -- Instituto Superior para la Defensa (INSUDE). Instituto de Estudios Geopol&#xED;ticos, 2004</subfield>
  </datafield>
  <datafield tag="504" ind1=" " ind2=" ">
    <subfield code="a">Incluye referencias bibliogr&#xE1;ficas e &#xED;ndice</subfield>
  </datafield>
  <datafield tag="505" ind1=" " ind2=" ">
    <subfield code="a">El Caribe. -- Marco hist&#xF3;rico de la regi&#xF3;n del Caribe y la influencias de las grandes potencias. -- La crisis del modelo econ&#xF3;mico y su impacto en la regi&#xF3;n del Caribe. -- La regi&#xF3;n del Caribe, valoraci&#xF3;n Geoecon&#xF3;mica,desaf&#xED;os y perspectivas de la regi&#xF3;n del Caribe, desde el punto de vista pol&#xED;tico econ&#xF3;mico
</subfield>
  </datafield>
  <datafield tag="650" ind1=" " ind2="4">
    <subfield code="a">Geoeconomia-Gran Caribe</subfield>
  </datafield>
  <datafield tag="650" ind1=" " ind2="4">
    <subfield code="a">Geopolitica-Estados Unidos-Union Europea</subfield>
  </datafield>
  <datafield tag="700" ind1="1" ind2=" ">
    <subfield code="a">Gonz&#xE1;lez Rodr&#xED;guez, Orlando</subfield>
    <subfield code="e">sustentante</subfield>
  </datafield>
  <datafield tag="830" ind1=" " ind2=" ">
    <subfield code="a">INSUDE.  Instituto de Estudios Geopoliticos.  Tesis y disertaciones acad&#xE9;micas</subfield>
  </datafield>
  <datafield tag="942" ind1=" " ind2=" ">
    <subfield code="2">ddc</subfield>
    <subfield code="c">T</subfield>
  </datafield>
  <datafield tag="952" ind1=" " ind2=" ">
    <subfield code="0">0</subfield>
    <subfield code="1">0</subfield>
    <subfield code="2">CL</subfield>
    <subfield code="4">0</subfield>
    <subfield code="7">1</subfield>
    <subfield code="8">TG</subfield>
    <subfield code="a">BJHA</subfield>
    <subfield code="b">BJHA</subfield>
    <subfield code="d">2015-12-07</subfield>
    <subfield code="i">04-00064</subfield>
    <subfield code="l">0</subfield>
    <subfield code="o">TG INEGEOFA 00064 2004</subfield>
    <subfield code="p">04-00064</subfield>
    <subfield code="r">2018-10-06 00:00:00</subfield>
    <subfield code="t">ej.1</subfield>
    <subfield code="w">2015-12-07</subfield>
    <subfield code="y">T</subfield>
  </datafield>
  <datafield tag="952" ind1=" " ind2=" ">
    <subfield code="0">0</subfield>
    <subfield code="1">0</subfield>
    <subfield code="2">CL</subfield>
    <subfield code="4">0</subfield>
    <subfield code="7">1</subfield>
    <subfield code="8">TG</subfield>
    <subfield code="a">BJHA</subfield>
    <subfield code="b">BJHA</subfield>
    <subfield code="d">2015-12-07</subfield>
    <subfield code="i">04-00065</subfield>
    <subfield code="l">0</subfield>
    <subfield code="o">TG INEGEOFA 00064 2004</subfield>
    <subfield code="p">04-00065</subfield>
    <subfield code="r">2018-10-06 00:00:00</subfield>
    <subfield code="t">ej.2</subfield>
    <subfield code="w">2015-12-07</subfield>
    <subfield code="y">T</subfield>
  </datafield>
  <datafield tag="952" ind1=" " ind2=" ">
    <subfield code="0">0</subfield>
    <subfield code="1">0</subfield>
    <subfield code="2">CL</subfield>
    <subfield code="4">0</subfield>
    <subfield code="7">1</subfield>
    <subfield code="8">TG</subfield>
    <subfield code="a">BJHA</subfield>
    <subfield code="b">BJHA</subfield>
    <subfield code="d">2015-12-07</subfield>
    <subfield code="i">04-00069</subfield>
    <subfield code="l">0</subfield>
    <subfield code="o">TG INEGEOFA 00064 2004</subfield>
    <subfield code="p">04-00069</subfield>
    <subfield code="r">2018-10-06 00:00:00</subfield>
    <subfield code="t">ej.4</subfield>
    <subfield code="w">2015-12-07</subfield>
    <subfield code="y">T</subfield>
  </datafield>
</record>
